00860nam a22002057a 450000500170000000800370001702000150005405000210006910000290009024501560011925000110027526000410028630000250032749000450035250400430039765000630044065000710050365000430057465100370061720231128141511.0180518s sp gr|||| 000 0 spa|| a849566501804aKG481 bA63 20021 aAparicio Wilhelmi, Marco04aLos pueblos indígenas y el Estado b : el reconocimiento constitucional de los derechos indígenas en América Latina c / Marco Aparicio Wilhelmi. a1a ed. aBarcelona, España :bCedecs,c2002 axv, 190 p. ;c23 cm.0 aEstudios Constitucionales y Políticos. aIncluye bibliografía: (p. [185]-190) 4aIndios de América xPersonalidad jurídica, leyes, etc. 4aIndios de América Central xPersonalidad jurídica, leyes, etc. 4aIndios de América aDerechos civiles 4aAmérica Latina aLegislación